Statistics for Biggest "New" U.S. Cities

Click here to take the quiz!

General Stats

  • This quiz has been taken 132 times
    (125 since last reset)
  • The average score is 6 of 20

Answer Stats

PopulationStateCity% Correct
8,405,000New YorkNew York City
99%
378,000LouisianaNew Orleans
95%
16,000IndianaNew Haven
84%
130,000ConnecticutNew Haven
84%
28,000ConnecticutNew London
33%
95,000MassachusettsNew Bedford
29%
55,000New JerseyNew Brunswick
23%
79,000New YorkNew Rochelle
22%
63,000TexasNew Braunfels
17%
18,000IndianaNew Castle
17%
23,000PennsylvaniaNew Castle
17%
30,000North CarolinaNew Bern
16%
37,000IndianaNew Albany
10%
40,000WisconsinNew Berlin
9%
72,000ConnecticutNew Britain
9%
31,000LouisianaNew Iberia
6%
17,000OhioNew Philadelphia
5%
17,000New JerseyNew Milford
4%
22,000MinnesotaNew Brighton
3%
23,000FloridaNew Smyrna Beach
2%

Score Distribution

Percentile by Number Answered

Percent of People with Each Score

Your Score History

You have not taken this quiz since the last reset